| 000 | 00651nam a22002417a 4500 | ||
|---|---|---|---|
| 999 |
_c2031 _d2031 |
||
| 003 | SLTCLib | ||
| 008 | 260610b ce ||||| |||| 00| 0 eng d | ||
| 020 | _a9780128231296 | ||
| 041 | _aEnglish | ||
| 080 |
_a664.02 _bSIN |
||
| 100 |
_aSingh, R. Paul _93590 |
||
| 245 | _aIntroduction to food Engineering | ||
| 250 | _a6th ed. | ||
| 260 |
_aIndia _bElsevier Inc. _c2025 |
||
| 300 | _a913p. | ||
| 650 | 0 |
_93584 _aFood engineering |
|
| 650 | 0 |
_93585 _aFood processing |
|
| 650 | 0 |
_93586 _aFood technology |
|
| 650 | 0 |
_93587 _aFood-processing machinery |
|
| 700 |
_93588 _aHeldman, Dennis R. |
||
| 700 |
_93589 _aErdogdu, Ferruh |
||
| 942 |
_2ddc _cMRE |
||
| 945 |
_a3725 _bIshara wickramage _c3725 _dIshara wickramage |
||